000 00509nam a2200205Ia 4500
001 11600
003 GE_BSU
008 181216s||||||||xx |||||||||||||| ||und||
020 _a100316002925
040 _cGE_BSU
080 _a821.111-32
100 _aPatterson,James and Michael Ledwidge.
245 4 _aThe dangerous days of Daniel X.
260 _aNew york
260 _bLittle,Brown and Company.
260 _c2008.
300 _a265p;22cm.
653 _aThe dangerous days of Daniel X.
942 _cBK
999 _c44795
_d44795